| 000 | 00354nam a2200145Ia 4500 | ||
|---|---|---|---|
| 008 | 150201s2003 xx 000 0 und d | ||
| 082 |
_a617.64 _bO2003B |
||
| 100 | _aBENNET,JOHN C. | ||
| 245 | _aORTHODONTIC MANAGEMENT OF DENTITION | ||
| 250 | _a1ST | ||
| 260 |
_bMOSBY _aNEW DELHI _c2003 |
||
| 300 | _a1-380 | ||
| 650 | _aORTHODONTICS | ||
| 942 |
_2ddc _cBK |
||
| 999 |
_c3460 _d3460 |
||